000 01463nam a2200373 i 4500
001 000011016
003 DO-SdBNP
005 20240412074222.0
007 ta
008 091013t1989 dr 001 p spa d
040 _aDO-SdBNP
_bspa
_cBNPHU
_erda
082 4 _aRD861.4408
_bS462m
_222
245 0 0 _aSeis mujeres poetas :
_bhomenaje a Salomé Ureña /
_cMarianela Medrano ... [et al.] ; selección y presentación Mateo Morrison.
264 _aSanto Domingo :
_bUniversitaria UASD,
_c1989.
300 _a101 páginas ;
_c22 cm.
336 _2rdacontent
_atexto
_btxt
337 _2rdamedia
_asin mediación
_bn
338 _2rdacarrier
_avolumen
_bnc
490 0 _aPublicaciones de la Universidad Autónoma de Santo Domingo
_v609
_aLiteratura y sociedad
_v5
590 _aInventariado, 2019 / DG
650 4 _aPoesía dominicana
_xColecciones
_9351
650 0 _aLiteratura dominicana.
_967
650 4 _aMujeres como poetisas
_918814
700 1 _aMorrison, Mateo,
_d1947-
_ecomp.
_91469
700 1 _aMedrano, Manianela,
_d1964-
_926453
700 1 _aSánchez, Carmen,
_d1960-
_922232
700 1 _aArias, Aurora,
_d1962-
_924278
700 1 _aHernández, Ángela,
_d1954-
_92564
700 1 _aRomán, Sabrina,
_d1956-
_926159
700 1 _aSantos, Yrene,
_d1964-
_920622
830 0 _aPublicaciones de la Universidad Autónoma de Santo Domingo ;
_v609
_pLiteratura y sociedad
_n5
_926455
910 _aValidado. Control de calidad EMS.
942 _2ddc
_cLBS1
999 _c10754
_d10754